Score 0/15 Timer 00:30
2 Plays Today
Question Answer Wrong Answers
Enter the Dragon Bruce Lee
69.6%
Bruce Dern
3.9%
Catch Me If You Can Tom Hanks
64.8%
Tom Cruise
9.5%
The Great Dictator Charles Chaplin
64.7%
Charles Bronson
9.1%
The Jerk Steve Martin
64.4%
Steve Buscemi
8.8%
The Untouchables Sean Connery
61.4%
Sean Penn
12.8%
Easy Rider Dennis Hopper
60.6%
Dennis Quaid
12.3%
Sergeant York Gary Cooper
57%
Gary Sinise
14.7%
Who's Afraid of Virginia Woolf? Richard Burton
55.3%
Richard Harris
17.6%
What's Love Got to Do with It Laurence Fishburne
55%
Laurence Olivier
17.3%
Psycho Anthony Perkins
54.8%
Anthony Hopkins
18.9%
Shane Alan Ladd
53.9%
Alan Rickman
18.2%
The King of Comedy Robert De Niro
53.2%
Robert Duvall
20%
Angels with Dirty Faces James Cagney
51.6%
James Stewart
20.2%
Being There Peter Sellers
47.6%
Peter O'Toole
24.3%
I Am a Fugitive from a Chain Gang Paul Muni
39.1%
Paul Newman
32.7%

You're not logged in!

Compare scores with friends on all Sporcle quizzes.
OR
Log In

Sporcle TV

Today on Sporcle TV


Watch our educational content, quiz creation guides, and fun videos on Sporcle TV.

Show Comments

Extras

Top Quizzes Today


Score Distribution

Paid Content

Your Account Isn't Verified!

In order to create a playlist on Sporcle, you need to verify the email address you used during registration. Go to your Sporcle Settings to finish the process.

Report this User

Report this user for behavior that violates our Community Guidelines.

Details: